Juárez (Record no. 4103)

MARC details
000 -CABECERA
campo de control de longitud fija 00979nam a2200253 a 4500
001 - NÚMERO DE CONTROL
campo de control BRCA_4392
005 - FECHA Y HORA DE LA ÚLTIMA TRANSACCIÓN
campo de control 20190320204643.0
008 - DATOS DE LONGITUD FIJA--INFORMACIÓN GENERAL
campo de control de longitud fija 780105m19051906mx-ac#####---#000-0bspa-#
041 ## - CÓDIGO DE LENGUA
Código de lengua del texto/banda sonora o título independiente spa
044 ## - CÓDIGO DEL PAÍS DE LA ENTIDAD EDITORA/PRODUCTORA
Código MARC del país mx
050 #4 - SIGNATURA TOPOGRÁFICA DE LA BIBLIOTECA DEL CONGRESO
Número de clasificación F1233.J8
Número de documento/Ítem .S54 1905
100 1# - ENTRADA PRINCIPAL--NOMBRE DE PERSONA
Nombre de persona Sierra, Justo
Fechas asociadas al nombre 1848-1912
9 (RLIN) 756
245 10 - MENCIÓN DE TÍTULO
Título Juárez
Resto del título su obra y su tiempo
Mención de responsabilidad, etc. Justo Sierra.
260 ## - PUBLICACIÓN, DISTRIBUCIÓN, ETC.
Lugar de publicación, distribución, etc. México
Nombre del editor, distribuidor, etc. J. Ballescá y Compañía, Sucesores
Fecha de publicación, distribución, etc. 1905-1906
300 ## - DESCRIPCIÓN FÍSICA
Extensión 500 p.
Otras características físicas il. a color, retratos
Dimensiones 35 cm.
Material acompañante/anejo Copia de la carta escrita y firmada por Benito Juárez: 4 hojas
500 ## - NOTA GENERAL
Nota general Incluye índice de retratos
500 ## - NOTA GENERAL
Nota general Contiene carta dirigida a Sonia Corcuera sobre el canje que se realizó con el Centro de Estudios de Historia de México
500 ## - NOTA GENERAL
Nota general Colección Sonia Corcuera de Mancera
600 14 - PUNTO DE ACCESO ADICIONAL DE MATERIA--NOMBRE DE PERSONA
Nombre de persona Juárez, Benito
Fechas asociadas al nombre 1806-1872
9 (RLIN) 4845
651 #4 - PUNTO DE ACCESO ADICIONAL DE MATERIA--NOMBRE GEOGRÁFICO
Nombre geográfico México
Subdivisión general Historia
Subdivisión cronológica 1821-1861
9 (RLIN) 618
651 #4 - PUNTO DE ACCESO ADICIONAL DE MATERIA--NOMBRE GEOGRÁFICO
Nombre geográfico México
Subdivisión general Historia
Subdivisión cronológica Intervención europea, 1861-1867
9 (RLIN) 758
902 ## - CATALOGADOR
Iniciales DSC
942 ## - ELEMENTOS DE PUNTO DE ACCESO ADICIONAL (KOHA)
Fuente del sistema de clasificación o colocación Library of Congress Classification
Tipo de ítem Koha Libros
Holdings
Estado de retiro Estado de pérdida Estado dañado No para préstamo Localización permanente Ubicación/localización actual Fecha de adquisición Total de préstamos Signatura topográfica completa Código de barras Fecha visto por última vez Precio válido a partir de Tipo de ítem Koha
El ejemplar forma parte de la colección y puede ser consultado según las políticas vigentes.       Biblioteca del Museo Franz Mayer (Rogerio Casas-Alatriste) Biblioteca del Museo Franz Mayer (Rogerio Casas-Alatriste) 12/08/2010   F1233.J8 .S54 1905 DSC00087 22/03/2019 22/03/2019 Libros